les TOTY depuis FIFA 19 - Statistiques

Statistiques générales
  • Ce quiz a été pris 658 fois
    280 depuis la dernière actualisation
  • Le résultat moyen est 61 sur 88
Statistiques - réponses
2023 Réponse % Correct
Attaquant Mbappé
98%
Attaquant Mbappé
98%
Attaquant Mbappé
98%
Attaquant Mbappé
98%
Attaquant Mbappé
98%
Attaquant Mbappé
98%
Attaquant Mbappé
98%
Attaquant Mbappé
98%
Gardien Donnarumma
97%
Gardien Donnarumma
97%
Attaquant Ronaldo
94%
Attaquant Ronaldo
94%
Attaquant Messi
93%
Attaquant Messi
93%
Attaquant Messi
93%
Attaquant Messi
93%
Attaquant Messi
93%
Défenseur Van Dijk
93%
Défenseur Van Dijk
93%
Défenseur Van Dijk
93%
Défenseur Van Dijk
93%
Défenseur Van Dijk
93%
Défenseur Van Dijk
93%
Défenseur Van Dijk
93%
Milieu Vitinha
89%
Gardien Courtois
88%
Attaquant Haaland
88%
Attaquant Haaland
88%
Gardien Alisson
85%
Gardien Alisson
85%
Milieu Pedri
84%
Milieu Modric
83%
Milieu Modric
83%
Attaquant Dembélé
82%
Gardien Neuer
79%
Défenseur Hakimi
78%
Défenseur Hakimi
78%
Attaquant Vinicius
78%
Milieu De Bruyne
74%
Milieu De Bruyne
74%
Milieu De Bruyne
74%
Milieu De Bruyne
74%
Milieu De Bruyne
74%
Milieu De Bruyne
74%
Défenseur Ramos
74%
Défenseur Ramos
74%
Attaquant Salah
72%
Défenseur Saliba
70%
Défenseur Saliba
70%
Milieu Bellingham
67%
Milieu Bellingham
67%
Milieu Bellingham
67%
Milieu Rodri
67%
Milieu Rodri
67%
Défenseur Koundé
65%
Attaquant Benzema
64%
Attaquant Lewandowski
63%
Attaquant Lewandowski
63%
Défenseur Nuno Mendes
63%
Milieu Kanté
59%
Milieu Kanté
59%
Milieu Kanté
59%
Défenseur Marquinhos
59%
Défenseur Carvajal
57%
Défenseur Marcelo
54%
Gardien Martinez
54%
Attaquant Mané
52%
Milieu Rice
50%
Défenseur Dias
49%
Défenseur Dias
49%
Défenseur Alexander-Arnold
46%
Défenseur Alexander-Arnold
46%
Milieu Kimmich
44%
Défenseur Robertson
44%
Défenseur Varane
42%
Milieu Jorginho
41%
Gardien De Gea
40%
Défenseur Hernandez
40%
Défenseur Hernandez
40%
Milieu De Jong
35%
Milieu Palmer
34%
Défenseur Davies
32%
Défenseur Cancelo
31%
Défenseur Militao
29%
Milieu Fernandès
28%
Défenseur Grimaldo
27%
Défenseur Frimpong
26%
Défenseur De Ligt
21%
Aucun quiz correspondant
Distribution des résultats
% des personnes avec chaque résultat
Percentile par nombre de réponses
Votre historique - résultats
Vous n’avez pas pris ce quiz depuis la dernière actualisation